الإدارة الاسترانيجية / (رقم التسجيلة. 80135)
[ عرض عادي ]
| 000 -الفاتح | |
|---|---|
| حقل البيانات ثابتة الطول | 00772nam a22002177a 4500 |
| 003 - محدد رقم الضبط | |
| رقم الضبط | OSt |
| 005 - وقت وتاريخ اخر تعامل مع التسجيلة | |
| رقم الضبط | 20220615113921.0 |
| 008 - عناصر البيانات ثابتة الطول - معلومات عامة | |
| حقل البيانات ثابتة الطول | 120314t2016 jo ||||f |||| 00| 0 ara d |
| 020 ## - الرقم الدولى المعيارى للكتب | |
| الرقم الدولى المعيارى للكتاب | 9789957992330 |
| 040 ## - مصدر الفهرسة | |
| وكالة الفهرسة الأصلية | Ma-Un |
| لغة الفهرسة | ara |
| وكالة النسخ | Ma-Un |
| 082 04 - رقم تصنيف ديوى العشرى | |
| رقم التصنيف | 658.4012 |
| رقم المادة | ر م إ |
| رقم الطبعة | 21 |
| 100 1# - المدخل الرئيسى - إسم شخصى | |
| الإسم الشخصى | راضي، محمد فخري |
| 245 12 - بيان العنوان | |
| العنوان | الإدارة الاسترانيجية / |
| بيان المسئوليه,etc | محمد فخري راضي. |
| 250 ## - بيان الطبعة | |
| بيان الطبعة | ط. 1. |
| 260 ## - PUBLICATION, DISTRIBUTION, ETC. (IMPRINT) | |
| مكان الناشر او الموزع | عمان، الأردن : |
| اسم الناشر او الموزع | دار أمجد للنشر والتوزيع، |
| تاريخ النشر أو التوزيع | 2016 |
| تاريخ النشر هجري | 1437 |
| 300 ## - الوصف المادى | |
| التعداد | 230 ص. ؛ |
| أبعاد الوعاء | 24 سم. |
| 504 ## - تبصرة ببليوجرافية | |
| تبصرة ببليوجرافية,الخ | يشتمل على قائمة ببليوجرافية. |
| 650 #7 - المدخل الاضافى بالموضوع-مصطلح موضوعى | |
| مصطلح موضوعي أو اسم جغرافي كعنصر مدخل | الإدارة الاستراتيجية |
| 650 #7 - المدخل الاضافى بالموضوع-مصطلح موضوعى | |
| مصطلح موضوعي أو اسم جغرافي كعنصر مدخل | الإدارة التنفيذية |
| 952 ## - LOCATION AND ITEM INFORMATION (KOHA) | |
| نوع المادة فى نظام كوها | كتاب |
| 952 ## - LOCATION AND ITEM INFORMATION (KOHA) | |
| نوع المادة فى نظام كوها | كتاب |
| 952 ## - LOCATION AND ITEM INFORMATION (KOHA) | |
| نوع المادة فى نظام كوها | كتاب |
| 952 ## - LOCATION AND ITEM INFORMATION (KOHA) | |
| نوع المادة فى نظام كوها | كتاب |
| 952 ## - LOCATION AND ITEM INFORMATION (KOHA) | |
| نوع المادة فى نظام كوها | كتاب |
| 952 ## - LOCATION AND ITEM INFORMATION (KOHA) | |
| نوع المادة فى نظام كوها | كتاب |
| 952 ## - LOCATION AND ITEM INFORMATION (KOHA) | |
| نوع المادة فى نظام كوها | كتاب |
| 952 ## - LOCATION AND ITEM INFORMATION (KOHA) | |
| نوع المادة فى نظام كوها | كتاب |
| 952 ## - LOCATION AND ITEM INFORMATION (KOHA) | |
| نوع المادة فى نظام كوها | كتاب |
| 952 ## - LOCATION AND ITEM INFORMATION (KOHA) | |
| نوع المادة فى نظام كوها | كتاب |
| 952 ## - LOCATION AND ITEM INFORMATION (KOHA) | |
| نوع المادة فى نظام كوها | كتاب |
| 952 ## - LOCATION AND ITEM INFORMATION (KOHA) | |
| نوع المادة فى نظام كوها | كتاب |
| 952 ## - LOCATION AND ITEM INFORMATION (KOHA) | |
| نوع المادة فى نظام كوها | كتاب |
| 952 ## - LOCATION AND ITEM INFORMATION (KOHA) | |
| نوع المادة فى نظام كوها | كتاب |
| 952 ## - LOCATION AND ITEM INFORMATION (KOHA) | |
| نوع المادة فى نظام كوها | كتاب |
| 952 ## - LOCATION AND ITEM INFORMATION (KOHA) | |
| نوع المادة فى نظام كوها | كتاب |
| 952 ## - LOCATION AND ITEM INFORMATION (KOHA) | |
| نوع المادة فى نظام كوها | كتاب |
| 942 ## - | |
| -- | ddc |
| -- | BOOK |
| حالة الفقد | نموذج السعر الفعال | حالة تلف | ليس للاعارة | تاريخ الاكتساب | رقم الطلب | تاريخ الاكتساب | الموقع الحالي | الباركود | الفرع الرئيسي | Date last seen | مصدر التصنيف او خطة الترفيف | Total Checkouts |
|---|---|---|---|---|---|---|---|---|---|---|---|---|
| 2022-06-18 | Not For Loan | 2022-06-18 | 658.4012 ر م إ | 2022-06-18 | CL | 00174392 | المكتبة المركزية بالمجمعة (CL) | 2022-06-18 | Dewey Decimal Classification | |||
| 2022-06-18 | 2022-06-18 | 658.4012 ر م إ | 2022-06-18 | CL | 00174393 | المكتبة المركزية بالمجمعة (CL) | 2022-06-18 | Dewey Decimal Classification | ||||
| 2022-06-18 | 2022-06-18 | 658.4012 ر م إ | 2022-06-18 | CL | 00174394 | المكتبة المركزية بالمجمعة (CL) | 2022-06-18 | Dewey Decimal Classification | ||||
| 2022-06-18 | Not For Loan | 2022-06-18 | 658.4012 ر م إ | 2022-06-18 | IC | 00174395 | قسم الاجراءات الفنية (IC) | 2022-06-18 | Dewey Decimal Classification | |||
| 2022-06-18 | 2022-06-18 | 658.4012 ر م إ | 2022-06-18 | IC | 00174396 | قسم الاجراءات الفنية (IC) | 2022-06-18 | Dewey Decimal Classification | ||||
| 2022-06-18 | Not For Loan | 2022-06-18 | 658.4012 ر م إ | 2022-06-18 | IC | 00174397 | قسم الاجراءات الفنية (IC) | 2022-06-18 | Dewey Decimal Classification | |||
| 2022-06-18 | 2022-06-18 | 658.4012 ر م إ | 2022-06-18 | IC | 00174398 | قسم الاجراءات الفنية (IC) | 2022-06-18 | Dewey Decimal Classification | ||||
| 2022-06-18 | Not For Loan | 2022-06-18 | 658.4012 ر م إ | 2022-06-18 | IC | 00174403 | قسم الاجراءات الفنية (IC) | 2022-06-18 | Dewey Decimal Classification | |||
| 2022-06-18 | 2022-06-18 | 658.4012 ر م إ | 2022-06-18 | IC | 00174404 | قسم الاجراءات الفنية (IC) | 2022-06-18 | Dewey Decimal Classification | ||||
| 2022-06-18 | Not For Loan | 2022-06-18 | 658.4012 ر م إ | 2022-06-18 | IC | 00174405 | قسم الاجراءات الفنية (IC) | 2022-06-18 | Dewey Decimal Classification | |||
| 2022-06-18 | 2022-06-18 | 658.4012 ر م إ | 2022-06-18 | IC | 00174406 | قسم الاجراءات الفنية (IC) | 2022-06-18 | Dewey Decimal Classification | ||||
| 2022-06-18 | Not For Loan | 2022-06-18 | 658.4012 ر م إ | 2022-06-18 | SRF | 00174399 | مكتبة كلية العلوم و الدراسات الإنسانية برماح - طالبات (SRF) | 2022-06-18 | Dewey Decimal Classification | |||
| 2022-06-18 | 2022-06-18 | 658.4012 ر م إ | 2022-06-18 | SRF | 00174400 | مكتبة كلية العلوم و الدراسات الإنسانية برماح - طالبات (SRF) | 2022-06-18 | Dewey Decimal Classification | ||||
| 2022-06-18 | Not For Loan | 2022-06-18 | 658.4012 ر م إ | 2022-06-18 | SRM | 00174401 | مكتبة كلية العلوم و الدراسات الإنسانية برماح - طلاب (SRM) | 2022-06-18 | Dewey Decimal Classification | |||
| 2022-06-18 | 2022-06-18 | 658.4012 ر م إ | 2022-06-18 | SRM | 00174402 | مكتبة كلية العلوم و الدراسات الإنسانية برماح - طلاب (SRM) | 2022-06-18 | Dewey Decimal Classification | ||||
| 2022-06-18 | Not For Loan | 2022-06-18 | 658.4012 ر م إ | 2022-06-18 | SZM | 00174407 | مكتبة مجمع الكليات بالزلفى - طلاب (SZM) | 2022-06-18 | Dewey Decimal Classification | |||
| 2022-06-18 | 2022-06-18 | 658.4012 ر م إ | 2022-06-18 | SZM | 00174408 | مكتبة مجمع الكليات بالزلفى - طلاب (SZM) | 2022-06-18 | Dewey Decimal Classification |
